000 00503nam a2200157Ia 4500
008 220204s9999 xx 000 0 und d
082 _a633
_bSET
100 _aCHATRATH, M S
245 0 _aImproving crop and animal productivity
260 _aNew Delhi
_bOxford & IBH
_c1978
505 _aProceedings of the international symposium held at the Nuclear Research Laboratory, IARI, New Delhi, Feb 1977
650 _aCrop productivity
650 _aDisease control
700 _aSETHI, G R
942 _cBK
999 _c33754
_d33754